00278 a2200097 450000100060000008200180000610000190002424500970004326000240014030000160016466203 a623.7,464 ARO aAronstein,D.C. aAdvanced Tactical fighter to F-22 raptor; origions of the 21st century air dominance fighter aVirgmizbAIAAc1998 axvii, 308p.